[Event "Paul Keres mem (37th)"]
[Site "Richmond CAN"]
[Date "2012.05.20"]
[Round "3.4"]
[White "Chan, James"]
[Black "Orlov, Georgi"]
[Result "0-1"]
[WhiteElo "2019"]
[BlackElo "2541"]
[PlyCount "54"]
[GameId "2160767909509308"]
[EventDate "2012.05.19"]
[EventType "swiss"]
[EventRounds "6"]
[EventCountry "CAN"]

1. e4 c5 2. Nf3 d6 3. d4 cxd4 4. Nxd4 Nf6 5. Nc3 Nc6 6. Bg5 e6 7. Qd2 a6 8. O-O-O Be7 9. f3 Bd7 10. h4 b5 11. Kb1 Na5 12. Nb3 h6 13. Bf4 b4 14. Nxa5 Qxa5 15. Ne2 e5 16. Be3 Be6 17. Nc1 d5 18. Nb3 Qc7 19. exd5 Nxd5 20. g4 O-O 21. Bd3 a5 22. Bxh6 a4 23. Nc1 a3 24. Be4 axb2 25. Bxd5 bxc1=Q+ 26. Qxc1 Bxd5 27. Rxd5 Qc4 0-1

[Event "Paul Keres mem (37th)"]
[Site "Richmond CAN"]
[Date "2012.05.20"]
[Round "3.6"]
[White "Yoos, John"]
[Black "Erichsen, Dan"]
[Result "1-0"]
[WhiteElo "2378"]
[BlackElo "2083"]
[PlyCount "85"]
[GameId "2160767909509309"]
[EventDate "2012.05.19"]
[EventType "swiss"]
[EventRounds "6"]
[EventCountry "CAN"]

1. e4 e5 2. f4 d5 3. exd5 exf4 4. Bc4 Bd6 5. Nf3 Nf6 6. Qe2+ Qe7 7. Qxe7+ Kxe7 8. O-O Re8 9. d4 Nbd7 10. Bb3 b5 11. a4 b4 12. c4 bxc3 13. bxc3 Rb8 14. Ba2 Kf8 15. c4 Ne4 16. Ba3 Bxa3 17. Nxa3 a6 18. Rab1 Nc3 19. Rxb8 Nxb8 20. Bb1 h6 21. Bc2 Re3 22. Nb1 Bg4 23. Nbd2 Nd7 24. a5 Nf6 25. Nb3 Bxf3 26. gxf3 Ne8 27. Kg2 Nd6 28. Nd2 Ne2 29. c5 Nb5 30. Bf5 Nexd4 31. Bc8 Ra3 32. Nc4 Ra4 33. Ne5 Rxa5 34. Nd7+ Kg8 35. Re1 Ra2+ 36. Kh3 Rxh2+ 37. Kxh2 Nxf3+ 38. Kh1 Nxe1 39. Bxa6 Nc3 40. Bc4 Nf3 41. d6 cxd6 42. c6 Ne5 43. Nxe5 1-0

[Event "Paul Keres mem (37th)"]
[Site "Richmond CAN"]
[Date "2012.05.20"]
[Round "3.7"]
[White "Han, Yiming"]
[Black "Villavieja, Butch"]
[Result "0-1"]
[WhiteElo "1969"]
[BlackElo "2337"]
[PlyCount "88"]
[GameId "2160767909509310"]
[EventDate "2012.05.19"]
[EventType "swiss"]
[EventRounds "6"]
[EventCountry "CAN"]

1. e4 c5 2. Nf3 d6 3. d4 cxd4 4. Nxd4 Nf6 5. Nc3 g6 6. Be3 Bg7 7. f3 O-O 8. Qd2 Nc6 9. O-O-O d5 10. Nxc6 bxc6 11. exd5 cxd5 12. Nxd5 Nxd5 13. Qxd5 Qc7 14. Qc5 Qb7 15. Bd4 Bf5 16. Qa3 Rfc8 17. Bd3 e5 18. Bxf5 gxf5 19. Bc3 Rab8 20. Rd3 Bf8 21. Qb3 Qc6 22. Qd5 Bh6+ 23. Kb1 Qxd5 24. Rxd5 Rxc3 25. Rxe5 Bg7 26. Rxf5 Rxb2+ 27. Kxb2 Rxf3+ 28. c3 Rxf5 29. Kb3 Rb5+ 30. Ka4 Rc5 31. Rc1 Rxc3 32. Rxc3 Bxc3 33. Kb5 Bd4 34. Kc4 Bg1 35. h3 Kg7 36. Kd5 h5 37. Ke5 h4 38. Kf5 Bf2 39. Kg5 f6+ 40. Kf5 Kf7 41. Kf4 Ke6 42. Ke4 f5+ 43. Kf4 Bg3+ 44. Kf3 Kd5 0-1

[Event "Paul Keres mem (37th)"]
[Site "Richmond CAN"]
[Date "2012.05.20"]
[Round "3.8"]
[White "Herdin, Matthew"]
[Black "Pechisker, Alfred"]
[Result "0-1"]
[WhiteElo "1876"]
[BlackElo "2280"]
[PlyCount "74"]
[GameId "2160767909509311"]
[EventDate "2012.05.19"]
[EventType "swiss"]
[EventRounds "6"]
[EventCountry "CAN"]

1. e4 c5 2. Nf3 d6 3. d4 cxd4 4. Nxd4 Nf6 5. Nc3 a6 6. Bg5 e6 7. Qf3 Be7 8. O-O-O Nbd7 9. Be2 Qc7 10. Qg3 O-O 11. f4 Kh8 12. Bf3 Rb8 13. Rhe1 Ng8 14. h4 Nb6 15. Rd3 f6 16. Qh2 e5 17. Nde2 fxg5 18. hxg5 exf4 19. Rh1 h6 20. gxh6 gxh6 21. Nd5 Nxd5 22. Rxd5 Qb6 23. Nd4 Rf6 24. Ne2 Be6 25. Rd3 Rbf8 26. Rf1 Qa5 27. a3 Qg5 28. Kb1 b5 29. Qg1 Qc5 30. Qh2 b4 31. axb4 Qxb4 32. Rd4 Qb6 33. b4 a5 34. c3 axb4 35. Rxb4 Qa6 36. Rb2 Bc4 37. Rd1 Bd3+ 0-1

[Event "Paul Keres mem (37th)"]
[Site "Richmond CAN"]
[Date "2012.05.20"]
[Round "3.9"]
[White "Lai, Peter"]
[Black "Kenney, Jason"]
[Result "0-1"]
[WhiteElo "1942"]
[BlackElo "2190"]
[PlyCount "100"]
[GameId "2160767909509312"]
[EventDate "2012.05.19"]
[EventType "swiss"]
[EventRounds "6"]
[EventCountry "CAN"]

1. d4 Nf6 2. c4 g6 3. Nc3 Bg7 4. e4 d6 5. f3 O-O 6. Be3 c5 7. Nge2 cxd4 8. Nxd4 b6 9. Qd2 Bb7 10. Be2 Nbd7 11. O-O Re8 12. Rac1 Rc8 13. Rfd1 Qc7 14. Nd5 Qb8 15. b4 Ba6 16. b5 Bb7 17. Nb4 Nc5 18. Ndc6 Qa8 19. Nd4 Nfd7 20. Bh6 Bh8 21. Nf5 f6 22. Nd4 Ne5 23. Be3 Nf7 24. Nb3 Bg7 25. Nd3 e5 26. Ndxc5 dxc5 27. Qc2 Bh6 28. Bxh6 Nxh6 29. Rd7 Rcd8 30. Rcd1 Rxd7 31. Rxd7 Nf7 32. a4 Bc8 33. Rd1 Be6 34. a5 Rd8 35. Rd2 f5 36. a6 f4 37. Rxd8+ Qxd8 38. Qd2 Qe7 39. Qc3 Kg7 40. g3 Qg5 41. Kg2 Qh6 42. gxf4 Bh3+ 43. Kg1 Qxf4 44. Qd2 Qf6 45. Qe3 Qh4 46. Qd2 Qe7 47. Kf2 Be6 48. Ke3 Nd6 49. Qc3 Qf6 50. Kf2 Nxe4+ 0-1

[Event "Paul Keres mem (37th)"]
[Site "Richmond CAN"]
[Date "2012.05.20"]
[Round "3.10"]
[White "Caluza, Juni"]
[Black "Corper, Adam"]
[Result "0-1"]
[WhiteElo "1787"]
[BlackElo "2100"]
[PlyCount "84"]
[GameId "2160767909509313"]
[EventDate "2012.05.19"]
[EventType "swiss"]
[EventRounds "6"]
[EventCountry "CAN"]

1. d4 d5 2. Nf3 c6 3. Nc3 Nf6 4. h3 Bf5 5. e3 Nbd7 6. Nh4 Be6 7. Bd3 g6 8. b3 Bg7 9. Bb2 O-O 10. Qe2 b5 11. a3 a6 12. O-O c5 13. dxc5 Nxc5 14. b4 Nfe4 15. Qe1 Nxc3 16. Bxc3 Nxd3 17. cxd3 d4 18. Bxd4 Bxd4 19. exd4 Qxd4 20. Qe4 Rfd8 21. Rfd1 Rac8 22. Nf3 Qf6 23. Qh4 Qxh4 24. Nxh4 Rc3 25. d4 Bd5 26. a4 bxa4 27. Re1 a3 28. Rxe7 Rdc8 29. Ree1 Rb3 30. Nf3 Rc2 31. Re5 Bxf3 32. gxf3 a2 33. Ree1 Rcb2 34. Kg2 Kg7 35. Re5 Ra3 36. Ra5 Rxa5 37. bxa5 Kf6 38. Kg3 Ke6 39. Kf4 Kd5 40. Ke3 Rb3+ 41. Kf4 Ra3 42. Kg5 Kxd4 0-1

[Event "Paul Keres mem (37th)"]
[Site "Richmond CAN"]
[Date "2012.05.20"]
[Round "4"]
[White "Orlov, Georgi"]
[Black "Laceste, Loren"]
[Result "1-0"]
[WhiteElo "2479"]
[BlackElo "2292"]
[PlyCount "73"]
[GameId "2160767909509314"]
[EventDate "2012.05.19"]
[EventType "swiss"]
[EventRounds "6"]
[EventCountry "CAN"]
[SourceTitle "CBM 148 Extra"]
[Source "ChessBase"]
[SourceDate "2012.06.22"]
[SourceVersion "1"]
[SourceVersionDate "2012.06.22"]
[SourceQuality "1"]

1. d4 d5 2. c4 c6 3. Nc3 Nf6 4. Nf3 a6 5. g3 b5 6. cxd5 cxd5 7. Ne5 e6 8. Bf4 Be7 9. Bg2 O-O 10. Rc1 Bb7 11. a4 b4 12. Nb1 Ne4 13. Nd2 Nxd2 14. Qxd2 a5 15. O-O Bd6 16. Rc2 Ra6 17. Nd3 Nd7 18. Rfc1 Qe7 19. Bxd6 Qxd6 20. Qf4 Qb6 21. Rc7 Nf6 22. Ne5 Ra7 23. R1c5 Ba6 24. R7c6 Qd8 25. Bf3 Ne8 26. Rc1 f6 27. Nd3 Bxd3 28. exd3 Re7 29. Rc8 Qd7 30. R1c6 e5 31. Qe3 g6 32. Rc5 Qxa4 33. dxe5 Qa1+ 34. Kg2 Qxb2 35. Qh6 Rxe5 36. R5c7 Rf7 37. Bxd5 1-0

[Event "Paul Keres mem (37th)"]
[Site "Richmond CAN"]
[Date "2012.05.20"]
[Round "4.1"]
[White "Kolbus, Dietmar"]
[Black "Doroshenko, Maxim"]
[Result "1/2-1/2"]
[WhiteElo "2322"]
[BlackElo "2512"]
[PlyCount "65"]
[GameId "2160767909509315"]
[EventDate "2012.05.19"]
[EventType "swiss"]
[EventRounds "6"]
[EventCountry "CAN"]

1. d4 Nf6 2. Nf3 e6 3. g3 b5 4. Bg2 Bb7 5. O-O Be7 6. c3 O-O 7. Nbd2 d6 8. a4 a6 9. axb5 axb5 10. Rxa8 Bxa8 11. Re1 Nbd7 12. e4 Nb6 13. Qe2 Bc6 14. e5 Nfd7 15. Ne4 Qa8 16. h4 dxe5 17. Nxe5 Nxe5 18. dxe5 Nd7 19. Bf4 Nc5 20. Bg5 Bxg5 21. hxg5 Rd8 22. f4 Nxe4 23. Bxe4 Bxe4 24. Qxe4 Rd5 25. Qe2 Qd8 26. Qe4 g6 27. Re2 c5 28. Kh2 c4 29. Kg2 Qa5 30. Kh2 Qa1 31. Qg2 Kg7 32. Rd2 Rxd2 33. Qxd2 1/2-1/2

[Event "Paul Keres mem (37th)"]
[Site "Richmond CAN"]
[Date "2012.05.20"]
[Round "4.3"]
[White "Piasetski, Leon"]
[Black "Yoos, John"]
[Result "0-1"]
[WhiteElo "2419"]
[BlackElo "2378"]
[PlyCount "92"]
[GameId "2160767909509316"]
[EventDate "2012.05.19"]
[EventType "swiss"]
[EventRounds "6"]
[EventCountry "CAN"]

1. Nf3 d6 2. d4 Nf6 3. c4 g6 4. Nc3 Bg7 5. e4 O-O 6. Be2 e5 7. O-O Nc6 8. d5 Ne7 9. Nd2 Ne8 10. b4 f5 11. a4 Nf6 12. a5 g5 13. Ra3 Ng6 14. exf5 Bxf5 15. f3 Nf4 16. Nde4 Nxe4 17. fxe4 Bd7 18. c5 a6 19. Bc4 Kh8 20. Be3 Qe8 21. Ra2 Qg6 22. Qb1 g4 23. b5 axb5 24. Nxb5 g3 25. Nxc7 gxh2+ 26. Kh1 Rxa5 27. Bxf4 Rxc5 28. Ne6 Bxe6 29. dxe6 Rxc4 30. e7 Re8 31. Qxb7 exf4 32. Ra8 Bf6 33. e5 Bxe7 34. Rfa1 Bf8 35. Rxe8 Qxe8 36. exd6 Rd4 37. Qf3 Rxd6 38. Qxf4 Rd8 39. Rf1 Bg7 40. Qf3 Qe5 41. Qf5 Qd6 42. Re1 Rf8 43. Qe4 Bc3 44. Rb1 Be5 45. Re1 Bg3 46. Ra1 Qf6 0-1

[Event "Paul Keres mem (37th)"]
[Site "Richmond CAN"]
[Date "2012.05.20"]
[Round "4.4"]
[White "Villavieja, Butch"]
[Black "Vrana, Rudy"]
[Result "0-1"]
[WhiteElo "2337"]
[BlackElo "2201"]
[PlyCount "162"]
[GameId "2160767909509317"]
[EventDate "2012.05.19"]
[EventType "swiss"]
[EventRounds "6"]
[EventCountry "CAN"]

1. e4 c5 2. Nf3 Nc6 3. d4 cxd4 4. Nxd4 g6 5. Nc3 Bg7 6. Be3 d6 7. Qd2 Nf6 8. f3 Bd7 9. Bc4 a6 10. Bb3 Na5 11. Bh6 Bxh6 12. Qxh6 Qc7 13. Qg7 Rf8 14. O-O-O Nc4 15. Bxc4 Qxc4 16. Nb3 b5 17. Rhe1 Rc8 18. a3 Rg8 19. Qh6 g5 20. g4 Be6 21. Rd2 b4 22. Rd4 Qc7 23. axb4 Qb6 24. Nd5 Bxd5 25. exd5 Rg6 26. Qh3 Nxd5 27. Qxh7 Nf4 28. Nc5 Rxc5 29. bxc5 Qxc5 30. Qh8+ Kd7 31. Rd2 Qa5 32. b4 Qa3+ 33. Qb2 Qxf3 34. b5 Re6 35. Rxe6 fxe6 36. b6 Ne2+ 37. Rxe2 Qxe2 38. Qd4 Qf1+ 39. Kd2 Qb5 40. Qe3 Qd5+ 41. Ke2 Kc6 42. Kf2 a5 43. h4 gxh4 44. g5 h3 45. Qf3 h2 46. Qxd5+ exd5 47. Kg2 h1=Q+ 48. Kxh1 a4 49. g6 a3 50. g7 a2 51. g8=Q a1=Q+ 52. Kg2 Kxb6 53. Qd8+ Kc6 54. Qc8+ Kb6 55. Qb8+ Kc5 56. Qc7+ Kd4 57. Qxe7 Qd1 58. Qg7+ Ke3 59. Qg5+ Ke2 60. Qf5 Qd4 61. Qh5+ Kd2 62. Qh6+ Kxc2 63. Qxd6 Qe4+ 64. Kf2 Kd2 65. Qh6+ Kc2 66. Qc6+ Qc4 67. Qg6+ Kc3 68. Ke1 d4 69. Qh6 Kb3 70. Qb6+ Kc2 71. Qg6+ d3 72. Qg2+ Kb1 73. Qg6 Qc2 74. Qb6+ Kc1 75. Qe3+ d2+ 76. Ke2 Qc4+ 77. Kf2 Qh4+ 78. Kf1 Qh1+ 79. Kf2 Qh4+ 80. Kf1 Qc4+ 81. Kf2 Kc2 0-1

[Event "Paul Keres mem (37th)"]
[Site "Richmond CAN"]
[Date "2012.05.20"]
[Round "4.5"]
[White "Pechisker, Alfred"]
[Black "Soliven, Joe"]
[Result "1-0"]
[WhiteElo "2280"]
[BlackElo "2080"]
[PlyCount "97"]
[GameId "2160767909509318"]
[EventDate "2012.05.19"]
[EventType "swiss"]
[EventRounds "6"]
[EventCountry "CAN"]

1. d4 Nf6 2. c4 c5 3. d5 e6 4. Nc3 exd5 5. cxd5 d6 6. e4 g6 7. f3 Bg7 8. Be3 O-O 9. Qd2 a6 10. a4 Qe8 11. Nge2 Bd7 12. Bf4 Qe7 13. g4 Rd8 14. Ng3 Be8 15. h4 Nbd7 16. g5 Nh5 17. Nxh5 gxh5 18. Kf2 Ne5 19. Be2 Rab8 20. a5 Kh8 21. Be3 Bd7 22. Rag1 b5 23. axb6 Rxb6 24. Ra1 Rdb8 25. Ra2 Bc8 26. Kg3 Rb4 27. Nd1 Qe8 28. Qc2 Ng6 29. Nc3 f5 30. f4 fxe4 31. Bxh5 Qf8 32. Bxg6 hxg6 33. h5 gxh5 34. Nxe4 Qf5 35. Rxh5+ Kg8 36. Nf6+ Bxf6 37. Qxf5 Bxf5 38. gxf6 Be4 39. Rxa6 R4b6 40. Ra7 R6b7 41. Ra6 Rb6 42. Ra7 R6b7 43. Rg5+ Kh8 44. Ra4 Rb4 45. Rxb4 Rxb4 46. f7 Rb8 47. Bd2 Rf8 48. f5 Rxf7 49. Rh5+ 1-0

[Event "Paul Keres mem (37th)"]
[Site "Richmond CAN"]
[Date "2012.05.20"]
[Round "4.6"]
[White "Kenney, Jason"]
[Black "Patterson, Roger"]
[Result "1/2-1/2"]
[WhiteElo "2190"]
[BlackElo "2076"]
[PlyCount "68"]
[GameId "2160767909509319"]
[EventDate "2012.05.19"]
[EventType "swiss"]
[EventRounds "6"]
[EventCountry "CAN"]

1. e4 c5 2. Nf3 d6 3. d4 cxd4 4. Nxd4 Nf6 5. Nc3 a6 6. f4 Qc7 7. Qf3 g6 8. Be3 Bg7 9. h3 b5 10. O-O-O Bb7 11. g4 b4 12. Nd5 Nxd5 13. exd5 e6 14. Bg2 exd5 15. f5 Nd7 16. Bg5 Be5 17. Rhf1 Nc5 18. fxg6 hxg6 19. Bf6 Rg8 20. Qe3 Ne4 21. Bxe4 dxe4 22. Bxe5 dxe5 23. Nb3 Rc8 24. Rf2 a5 25. Qd2 Rf8 26. Re2 Rh8 27. Nxa5 Qxa5 28. Qd7+ Kf8 29. Qxb7 Rc7 30. Qxe4 Rc5 31. Kb1 Kg7 32. Qf3 Ra8 33. Qb3 Qa6 34. Rf2 Ra7 1/2-1/2

[Event "Paul Keres mem (37th)"]
[Site "Richmond CAN"]
[Date "2012.05.20"]
[Round "4.7"]
[White "Wu, Howard"]
[Black "Cheng, Jack"]
[Result "0-1"]
[WhiteElo "2154"]
[BlackElo "2086"]
[PlyCount "82"]
[GameId "2160767909509320"]
[EventDate "2012.05.19"]
[EventType "swiss"]
[EventRounds "6"]
[EventCountry "CAN"]

1. c4 Nf6 2. Nc3 g6 3. g3 Bg7 4. Bg2 O-O 5. d4 d6 6. Nf3 Nbd7 7. O-O e5 8. dxe5 dxe5 9. Bg5 h6 10. Bxf6 Qxf6 11. Nd2 c6 12. Nde4 Qe7 13. Rc1 f5 14. Qd6 Qf7 15. Nd2 Re8 16. Nb3 Nf6 17. e4 Bf8 18. Qd2 Be6 19. Rfd1 Bxc4 20. Na5 Be6 21. exf5 gxf5 22. Na4 Bd5 23. Bxd5 Nxd5 24. Nc5 Bxc5 25. Rxc5 Re6 26. Rxd5 cxd5 27. Qxd5 Re7 28. Qd6 Re6 29. Qd5 Re7 30. Qd6 Qe6 31. Qb4 Rd7 32. Rxd7 Qxd7 33. Nc4 Qd1+ 34. Kg2 Qd5+ 35. Kh3 a5 36. Qb3 Rc8 37. Nxe5 Qxb3 38. axb3 b5 39. g4 fxg4+ 40. Kxg4 Rc2 41. Nd3 Rd2 0-1

[Event "Paul Keres mem (37th)"]
[Site "Richmond CAN"]
[Date "2012.05.22"]
[Round "4.8"]
[White "Awatramani, Janak"]
[Black "Corper, Adam"]
[Result "1/2-1/2"]
[WhiteElo "2011"]
[BlackElo "2100"]
[PlyCount "80"]
[GameId "2160767909509321"]
[EventDate "2012.05.19"]
[EventType "swiss"]
[EventRounds "6"]
[EventCountry "CAN"]

1. g3 d5 2. Bg2 c6 3. d3 g6 4. Nc3 Bg7 5. e4 dxe4 6. Nxe4 Nd7 7. Ne2 Ngf6 8. O-O O-O 9. c3 Qc7 10. Be3 Nd5 11. Bd2 b6 12. Qc2 Bb7 13. d4 N5f6 14. Bf4 e5 15. dxe5 Nxe5 16. Rfe1 Nd5 17. Rad1 Rad8 18. Bc1 c5 19. Nf4 Ne7 20. b3 Bc8 21. h3 Rxd1 22. Rxd1 Rd8 23. Rd2 c4 24. Ba3 cxb3 25. axb3 Bf5 26. c4 Bh6 27. Qd1 Rxd2 28. Qxd2 Bxe4 29. Bxe4 N5c6 30. Nd5 Bxd2 31. Nxc7 Bb4 32. Bb2 Bc5 33. Ne8 Bd4 34. Ba3 Bc5 35. Bxc5 bxc5 36. Nf6+ Kg7 37. Nd7 Nd4 38. Nxc5 f5 39. Bd3 Nec6 40. Bf1 Kf6 1/2-1/2

[Event "Paul Keres mem (37th)"]
[Site "Richmond CAN"]
[Date "2012.05.20"]
[Round "4.9"]
[White "Chan, James"]
[Black "Kong, Dezheng"]
[Result "1-0"]
[WhiteElo "2019"]
[BlackElo "2108"]
[PlyCount "75"]
[GameId "2160767909509322"]
[EventDate "2012.05.19"]
[EventType "swiss"]
[EventRounds "6"]
[EventCountry "CAN"]

1. e4 c5 2. Nf3 d6 3. d4 cxd4 4. Nxd4 Nf6 5. Nc3 a6 6. Bg5 e6 7. f4 Be7 8. Qe2 b5 9. a3 Bb7 10. O-O-O Qc7 11. g4 Nbd7 12. Bg2 Nb6 13. Bxf6 gxf6 14. f5 e5 15. Nb3 Nc4 16. Nd5 Bxd5 17. Rxd5 Rc8 18. Kb1 Qb6 19. Re1 Qc6 20. Nc1 Bd8 21. Na2 a5 22. Bf1 Ke7 23. Rd3 Bc7 24. Nc3 Nb6 25. g5 fxg5 26. f6+ Ke8 27. Qg4 h6 28. Rh3 Qb7 29. Bxb5+ Kd8 30. Qxg5 Nd7 31. Qg7 Re8 32. Qxf7 Bb8 33. a4 Rc7 34. Nd5 Rc8 35. Rg1 Ba7 36. Rg8 Nxf6 37. Rxe8+ Nxe8 38. Qxe8# 1-0

[Event "Paul Keres mem (37th)"]
[Site "Richmond CAN"]
[Date "2012.05.20"]
[Round "4.10"]
[White "Erichsen, Dan"]
[Black "Lo, Ryan"]
[Result "0-1"]
[WhiteElo "2083"]
[BlackElo "2013"]
[PlyCount "70"]
[GameId "2160767909509323"]
[EventDate "2012.05.19"]
[EventType "swiss"]
[EventRounds "6"]
[EventCountry "CAN"]

1. e4 c5 2. Nf3 e6 3. d4 cxd4 4. Nxd4 a6 5. Bd3 Nf6 6. Nc3 Qc7 7. Be3 b5 8. O-O Bb7 9. a3 Be7 10. f4 d6 11. Kh1 Nbd7 12. Qe1 O-O 13. Rf3 Nc5 14. Bg1 Nxd3 15. cxd3 Rfe8 16. Rc1 Qd7 17. Rh3 Bf8 18. Qh4 e5 19. Nf5 d5 20. fxe5 dxe4 21. exf6 Qxf5 22. Rf1 g5 23. Qh5 Qg6 24. Qxg6+ hxg6 25. dxe4 Bxe4 26. Rg3 Bc6 27. Rxg5 Re6 28. Rg4 Rd8 29. h4 Kh7 30. Bh2 Rd2 31. h5 gxh5 32. Rg3 Bh6 33. Rf5 h4 34. Rg4 h3 35. Bg1 Bxg2+ 0-1

[Event "Paul Keres mem (37th)"]
[Site "Richmond CAN"]
[Date "2012.05.20"]
[Round "4.11"]
[White "Kyriakides, Savvas"]
[Black "Jessa, Omar"]
[Result "1-0"]
[WhiteElo "2069"]
[BlackElo "1662"]
[PlyCount "37"]
[GameId "2160767909509324"]
[EventDate "2012.05.19"]
[EventType "swiss"]
[EventRounds "6"]
[EventCountry "CAN"]

1. e4 g6 2. d4 Bg7 3. c4 d6 4. Nc3 e5 5. Be3 Nc6 6. d5 Nce7 7. c5 f5 8. f3 Nf6 9. Bb5+ Kf7 10. Nh3 h6 11. Nf2 f4 12. Bd2 a6 13. Bc4 b5 14. Bb3 g5 15. a4 bxa4 16. Nxa4 Ng6 17. Ba5 Qe7 18. Rc1 Ne8 19. cxd6 1-0

[Event "Paul Keres mem (37th)"]
[Site "Richmond CAN"]
[Date "2012.05.21"]
[Round "5"]
[White "Laceste, Loren"]
[Black "Cheng, Jack"]
[Result "1-0"]
[WhiteElo "2292"]
[BlackElo "1960"]
[PlyCount "99"]
[GameId "2160767909509325"]
[EventDate "2012.05.19"]
[EventType "swiss"]
[EventRounds "6"]
[EventCountry "CAN"]
[SourceTitle "CBM 148 Extra"]
[Source "ChessBase"]
[SourceDate "2012.06.22"]
[SourceVersion "1"]
[SourceVersionDate "2012.06.22"]
[SourceQuality "1"]

1. d4 Nf6 2. Bg5 g6 3. Bxf6 exf6 4. Nf3 Bg7 5. e3 d6 6. Bd3 f5 7. c4 c5 8. Nc3 Nc6 9. Ne2 Qb6 10. O-O cxd4 11. exd4 O-O 12. b3 Nxd4 13. Nexd4 Bxd4 14. Nxd4 Qxd4 15. Qf3 Be6 16. Rad1 Qb6 17. Rd2 Qc6 18. Be2 Rad8 19. Rfd1 Rfe8 20. h3 Qb6 21. Qc3 Rd7 22. Bf3 Red8 23. Qf6 Qa5 24. h4 Re8 25. Qd4 Red8 26. h5 gxh5 27. Qf6 Re8 28. Bxh5 Qd8 29. Qh6 Kh8 30. Bf3 Rg8 31. g3 Qg5 32. Qxg5 Rxg5 33. Rxd6 Rc7 34. R1d4 Kg7 35. a4 b6 36. a5 bxa5 37. Ra6 Rc5 38. Rxa7 Kf6 39. Ra8 Rg7 40. Kf1 Ke5 41. Rh4 Kf6 42. Ke2 Kg6 43. Kd3 f4 44. Rxf4 f5 45. Ra6 Rd7+ 46. Rd4 Re7 47. Rdd6 Kf7 48. Kd4 Re5 49. Kxe5 Bxc4+ 50. Kxf5 1-0

[Event "Paul Keres mem (37th)"]
[Site "Richmond CAN"]
[Date "2012.05.21"]
[Round "5"]
[White "Patterson, Roger"]
[Black "Piasetski, Leon"]
[Result "0-1"]
[WhiteElo "2107"]
[BlackElo "2305"]
[PlyCount "94"]
[GameId "2160767909509326"]
[EventDate "2012.05.19"]
[EventType "swiss"]
[EventRounds "6"]
[EventCountry "CAN"]
[SourceTitle "CBM 148 Extra"]
[Source "ChessBase"]
[SourceDate "2012.06.22"]
[SourceVersion "1"]
[SourceVersionDate "2012.06.22"]
[SourceQuality "1"]

1. e4 Nf6 2. e5 Nd5 3. d4 d6 4. Nf3 dxe5 5. Nxe5 c6 6. Nd2 g6 7. Ndf3 Bg7 8. Be2 O-O 9. O-O Nd7 10. h3 Nxe5 11. dxe5 Qc7 12. c4 Nb6 13. Bf4 Be6 14. Qc1 Rad8 15. b3 Nd7 16. Qe3 c5 17. Rad1 b6 18. Bd3 Nb8 19. Bc2 Nc6 20. Rxd8 Rxd8 21. Rd1 Nb4 22. Rxd8+ Qxd8 23. Bb1 Qd1+ 24. Qe1 Qxe1+ 25. Nxe1 Bf5 26. Bxf5 gxf5 27. a4 Nc6 28. Nf3 Na5 29. Nd2 Kf8 30. Kf1 Ke8 31. Ke2 Kd7 32. Kd3 Ke6 33. g3 Bxe5 34. Bxe5 Kxe5 35. f4+ Kd6 36. Ke3 f6 37. Kd3 e5 38. Kc3 Nc6 39. Kd3 Nd4 40. Ke3 Kc6 41. Kd3 Kb7 42. fxe5 fxe5 43. g4 fxg4 44. hxg4 Kc6 45. g5 Kd6 46. Ke3 Ke7 47. Nf3 Ke6 0-1

[Event "Paul Keres mem (37th)"]
[Site "Richmond CAN"]
[Date "2012.05.21"]
[Round "5"]
[White "Soliven, Joe"]
[Black "Guramishvili, Sopiko"]
[Result "1-0"]
[WhiteElo "2232"]
[BlackElo "2384"]
[PlyCount "47"]
[GameId "2160767909509327"]
[EventDate "2012.05.19"]
[EventType "swiss"]
[EventRounds "6"]
[EventCountry "CAN"]
[SourceTitle "CBM 148 Extra"]
[Source "ChessBase"]
[SourceDate "2012.06.22"]
[SourceVersion "1"]
[SourceVersionDate "2012.06.22"]
[SourceQuality "1"]

1. c4 e5 2. Nc3 Nf6 3. g3 d5 4. cxd5 Nxd5 5. Bg2 c6 6. Nf3 Bd6 7. d4 Bb4 8. O-O Nxc3 9. bxc3 Bxc3 10. Ba3 Bxa1 11. Qxa1 Be6 12. dxe5 Nd7 13. Bd6 Qa5 14. Nd4 Bd5 15. Bh3 O-O-O 16. Rc1 g6 17. Qb2 Qa4 18. Nb5 Be6 19. Bg2 Nb8 20. Nd4 Bd7 21. Bd5 b6 22. Bxf7 Kb7 23. e4 Be8 24. Ne6 1-0

[Event "Paul Keres mem (37th)"]
[Site "Richmond CAN"]
[Date "2012.05.21"]
[Round "5.1"]
[White "Orlov, Georgi"]
[Black "Kolbus, Dietmar"]
[Result "0-1"]
[WhiteElo "2541"]
[BlackElo "2322"]
[PlyCount "118"]
[GameId "2160767909509328"]
[EventDate "2012.05.19"]
[EventType "swiss"]
[EventRounds "6"]
[EventCountry "CAN"]

1. d4 d5 2. c4 c6 3. Nf3 Nf6 4. Qc2 g6 5. cxd5 cxd5 6. Bf4 Nc6 7. e3 Bg7 8. Nc3 O-O 9. Be2 Qa5 10. O-O Bf5 11. Qb3 Qb4 12. Qxb4 Nxb4 13. Ne5 Rac8 14. g4 Be6 15. f3 Ne8 16. a3 Nc6 17. Nd3 Rd8 18. Rac1 Bc8 19. Nb4 e6 20. Nxc6 bxc6 21. Na4 Bb7 22. Nc5 Ba8 23. Rc2 Nd6 24. Na6 Nc8 25. Bb8 Rd7 26. Rfc1 Bb7 27. Nc5 Re7 28. Kf2 Ba8 29. b4 Rfe8 30. Na6 Bb7 31. Nc5 Ba8 32. a4 f6 33. a5 e5 34. Nb3 Rb7 35. Bxe5 fxe5 36. Rxc6 Rb8 37. Rc7 exd4 38. Nxd4 Be5 39. R7c5 Bd6 40. Rb5 Ne7 41. Rxb8 Rxb8 42. b5 Kf7 43. h4 Bb4 44. a6 Ba5 45. Rh1 Bb6 46. h5 g5 47. h6 Kf6 48. Bd3 Ng6 49. Rc1 Rh8 50. Bf5 Ne7 51. Bd3 Ke5 52. Ne2 Nc8 53. Rh1 Nd6 54. Rh5 Kf6 55. f4 gxf4 56. g5+ Kf7 57. Nxf4 Ne4+ 58. Bxe4 dxe4 59. Rh1 Rd8 0-1

[Event "Paul Keres mem (37th)"]
[Site "Richmond CAN"]
[Date "2012.05.21"]
[Round "5.2"]
[White "Doroshenko, Maxim"]
[Black "Yoos, John"]
[Result "1/2-1/2"]
[WhiteElo "2512"]
[BlackElo "2378"]
[PlyCount "22"]
[GameId "2160767909509329"]
[EventDate "2012.05.19"]
[EventType "swiss"]
[EventRounds "6"]
[EventCountry "CAN"]

1. Nf3 Nf6 2. b3 g6 3. Bb2 Bg7 4. d4 O-O 5. Nbd2 d6 6. e4 Nfd7 7. h4 h5 8. e5 dxe5 9. dxe5 Nc6 10. Qe2 Nb6 11. g3 Bf5 1/2-1/2

[Event "Paul Keres mem (37th)"]
[Site "Richmond CAN"]
[Date "2012.05.21"]
[Round "5.3"]
[White "Vrana, Rudy"]
[Black "Pechisker, Alfred"]
[Result "1/2-1/2"]
[WhiteElo "2201"]
[BlackElo "2280"]
[PlyCount "72"]
[GameId "2160767909509330"]
[EventDate "2012.05.19"]
[EventType "swiss"]
[EventRounds "6"]
[EventCountry "CAN"]

1. Nf3 d5 2. g3 c5 3. Bg2 Nc6 4. d4 Nf6 5. O-O e6 6. c3 Bd6 7. dxc5 Bxc5 8. b4 Bd6 9. Nfd2 O-O 10. e4 Ne7 11. Qe2 dxe4 12. Nxe4 Nxe4 13. Bxe4 Qc7 14. Rd1 f5 15. Bg2 f4 16. Na3 f3 17. Bxf3 Bxg3 18. hxg3 Qxc3 19. Be3 Qxa3 20. Rd3 Qxb4 21. Rc1 Re8 22. Bc5 Qa5 23. Qe5 Ng6 24. Qd6 e5 25. Bd5+ Kh8 26. Be4 Be6 27. Rcd1 Rac8 28. Be3 Qb5 29. Kg2 Nf8 30. Bxa7 Bxa2 31. Rh1 Re6 32. Qa3 Bb1 33. Rc1 Ra8 34. Rxb1 Qxb1 35. Re3 Qb5 36. Rb3 Qxb3 1/2-1/2

[Event "Paul Keres mem (37th)"]
[Site "Richmond CAN"]
[Date "2012.05.21"]
[Round "5.6"]
[White "Kenney, Jason"]
[Black "Chan, James"]
[Result "1/2-1/2"]
[WhiteElo "2190"]
[BlackElo "2019"]
[PlyCount "46"]
[GameId "2160767909509331"]
[EventDate "2012.05.19"]
[EventType "swiss"]
[EventRounds "6"]
[EventCountry "CAN"]

1. d4 d5 2. c4 c6 3. Nf3 Nf6 4. Nc3 a6 5. e3 g6 6. Bd3 Bg7 7. O-O O-O 8. h3 b5 9. cxd5 cxd5 10. Ne5 e6 11. Bd2 Nfd7 12. Nxd7 Bxd7 13. Ne2 Nc6 14. Rc1 Qb6 15. Nf4 Rfd8 16. Be2 Be8 17. Bf3 Rac8 18. Qe2 b4 19. b3 Ne7 20. Rxc8 Nxc8 21. Rc1 a5 22. Qe1 Na7 23. a3 Bf8 1/2-1/2